| 000 | 01222cam a2200325 a 4500 | ||
|---|---|---|---|
| 001 | 000010536 | ||
| 005 | 20200929162239.0 | ||
| 008 | 810429m19791985sp b 000 0 spa d | ||
| 020 | _a8424935268 | ||
| 035 | _a(DLC) 81133574 | ||
| 040 |
_aDO-SdBNP _bspa _cBNPHU _dDLC |
||
| 082 |
_a882.01 _bE89t |
||
| 100 | 0 |
_aEurípides. _d480 a. C.-406 a. C. _925556 |
|
| 245 | 1 | 0 |
_aTragedias : / _cEurípides ; introducciones, traducción y notas de Carlos García Gual y Luis Alberto de Cuenca y Prado. |
| 260 |
_aMadrid : _bGredos, _cc1979. |
||
| 300 |
_av. ; _c20 cm. |
||
| 490 | 1 |
_aBiblioteca clásica Gredos _v22 |
|
| 500 | _aReimpresión, 1985. | ||
| 504 | _aIncluye notas al pie de las páginas. | ||
| 600 | 1 | 0 |
_aEURÍPIDES _d480 a.c-406 a.c _xTRADUCCIONES AL ESPAÑOL _925557 |
| 650 | 4 |
_aTeatro griego _925558 |
|
| 650 | 4 |
_aLiteratura griega _92386 |
|
| 650 | 4 |
_aMitología griega _925559 |
|
| 700 | 1 |
_aGarcia Gual, Carlos, _d1943- _etr. _925560 |
|
| 700 | 1 |
_aCuenca, Luis Alberto de, _d1950- _etr. _925561 |
|
| 830 | 0 |
_aBiblioteca clásica Gredos ; _v22. _98642 |
|
| 856 | 4 | 2 |
_3Publisher description _uhttp://www.loc.gov/catdir/enhancements/fy0909/81133574-d.htm |
| 910 | _aCatalogación por copia / LC | ||
| 049 | _aBNGR | ||
| 999 |
_c10294 _d10294 |
||